| 000 | 00638nam a22001577a 4500 | ||
|---|---|---|---|
| 999 |
_c13918 _d13918 |
||
| 008 | 190517b ||||| |||| 00| 0 eng d | ||
| 082 |
_22018 _aUT 1320 _bB11 |
||
| 100 |
_aBocaoco, Claudee Jade B. _938755 |
||
| 245 |
_aWriting anxiety among english major students in UM Digos College: _bbasis for enhancement program / _cClaudee Jade B. Bocaoco, Rena Jane Z. Mangaga, and Thea Clarisse F. Nieve. |
||
| 260 |
_aDigos City: _bUMDC, _cOctober 2018. |
||
| 300 |
_a58 pages; _c30 cm. |
||
| 650 |
_aEnglish _xUndergraduate thesis. _938742 |
||
| 700 |
_aMangaga, Rena Jane Z. _938756 |
||
| 700 |
_aNieve, Thea Clarisse F. _938757 |
||
| 942 |
_2ddc _cUT |
||